Loading...

Rathriyil yathrayilla/

Bibliographic Details
Main Author: Manoj, Jathavedaru
Format: Printed Book
Language:English
Published: Kottayam: D.C.Books, 2011.
Subjects:
LEADER 00532 a2200157 4500
008 150103s9999 000 0 eng
020 |a 9788126432769 
082 |a 813 
100 |a Manoj, Jathavedaru. 
245 |a Rathriyil yathrayilla/ 
260 |a Kottayam:  |b D.C.Books,  |c 2011. 
300 |a 167 p. 
650 |a Malayalam fiction 
942 |c BK 
999 |c 305999  |d 305999 
952 |0 0  |1 0  |2 ddc  |4 0  |6 M_813_000000000000000_MAN_RA  |7 0  |9 350997  |a DRA  |b DRA  |c ST1  |d 2012-03-07  |i 8152  |l 2  |o M 813 MAN/RA  |p DRA8152  |r 2014-06-18  |s 2014-06-16  |v 90.00  |w 2012-03-07  |y BK